000 01024nam a22003377a 4500
001 BR0101516
003 BR-BrBNA
005 20230928100827.0
007 ta
008 230509b bl.||||| |||| 00| 0 por d
040 _aBR-BrBNA
_bpor
_cBiblioteca Nacional de Agricultura
041 _a(Por)
072 _aP33; P35
090 _ P33 BR0101516
100 1 _aSouza, F.J. de
110 1 _aUniversidade Federal Rural de Pernambuco, Recife (Brasil)
_0Tese (Mestre em Ciencia do Solo)
245 1 _aFluxo de C-CO2 de um neossolo regolitico eutrofico, sob vegetacao de caatinga em Caruaru-PE
260 3 _aRecife, PE (Brasil):
_c2000.
300 _a42 p.
500 _aSummaries (Eng, Por); Bibliography p. 35-41; 13 illus.
650 _aSolo
650 _aTemperatura do Solo
650 _aAgua do Solo
650 _aModelo Matematico
650 _aEvapotranspiracao
650 _aCarbono
650 _aDioxido de Carbono
650 _aPernambuco
909 _a202309
_bLucia
_c55
_dLucia Elande
942 _cBK
999 _c62995
_d62995